Mliečny trh podporuje inovácie
Prieskum trhu s mliečnymi výrobkami - objem predaja, hodnota predaja, druhy syrov podľa chutí, frekvencia nákupov, preferencia značiek jogurtov.
Uložené v:
| Hlavný autor: | |
|---|---|
| Médium: | Kapitola |
| Jazyk: | Slovak |
| Predmet: | |
| Tagy: |
Žiadne tagy, Buďte prvý, kto otaguje tento záznam!
|
MARC
| LEADER | 00000naa a2200000 4500 | ||
|---|---|---|---|
| 001 | r048284 | ||
| 005 | 20231002114923.2 | ||
| 041 | 0 | |a slo | |
| 044 | |a SK | ||
| 245 | 1 | 0 | |a Mliečny trh podporuje inovácie |c Marianna Sadloňová |
| 520 | |a Prieskum trhu s mliečnymi výrobkami - objem predaja, hodnota predaja, druhy syrov podľa chutí, frekvencia nákupov, preferencia značiek jogurtov. | ||
| 610 | 2 | 0 | |a mlieko |
| 610 | 2 | 0 | |a výrobky živočíšne |
| 610 | 2 | 0 | |a prieskum trhu |
| 610 | 2 | 0 | |a značky výrobkov |
| 610 | 2 | 0 | |a inovácia výrobkov |
| 100 | 1 | |a Sadloňová, Marianna | |